=LDR 00000nam 2200000 4500 =001 INLIS000000000027563 =005 20130612125928 =008 ***********************************Ind** =035 ##$$0010-061300000027563 =041 ##$$a Ind =082 ##$$a 398.20959821 =090 ##$$a 398.20959821, Set a =100 ##$$a Setiawan,Asep =245 ##$$a Asal mula ikan cigugur,kuningan peniggalan Sunan Kalijaga dan Sunan Gunung Jati, Asep Setiawan =260 ##$$a [s.a] $b Bandung =300 ##$$a 128 hlm, ilus, 25 cm =650 ##$$a Cerita rakyat-Jawa Barat =850 ##$$a NBPNMAT